| Tag |
First Indicator |
Second Indicator |
Subfields |
| LEADER |
00000pam a2200000 a 4500 |
| 001 |
in00000073701 |
| 005 |
20151008054655.0 |
| 008 |
810526s1981 nyua b 00110 eng |
| 010 |
|
|
|a 81066646
|
| 020 |
|
|
|a 0801414180
|
| 035 |
|
|
|a (OCoLC)07572433
|
| 035 |
|
|
|9 AAJ1345AM
|
| 039 |
0 |
|
|a 2
|b 3
|c 3
|d 3
|e 3
|
| 040 |
|
|
|a DLC
|c DLC
|d TXA
|d UtOrBLW
|
| 049 |
|
|
|a TXAM
|c [1442162]
|
| 050 |
0 |
0 |
|a LB1025.2
|b .G627
|
| 082 |
0 |
|
|a 370
|2 19
|
| 100 |
1 |
|
|a Gowin, D. B.
|
| 245 |
1 |
0 |
|a Educating /
|c D. Bob Gowin.
|
| 264 |
|
1 |
|a Ithaca, N.Y. :
|b Cornell University Press,
|c 1981.
|
| 300 |
|
|
|a 210 pages :
|b illustrations ;
|c 23 cm.
|
| 336 |
|
|
|a text
|b txt
|2 rdacontent
|
| 337 |
|
|
|a unmediated
|b n
|2 rdamedia
|
| 338 |
|
|
|a volume
|b nc
|2 rdacarrier
|
| 500 |
|
|
|a Includes index.
|
| 504 |
|
|
|a Bibliography: pages 203-205.
|
| 650 |
|
0 |
|a Teaching.
|
| 650 |
|
0 |
|a Self-culture.
|
| 999 |
|
|
|a MARS
|
| 999 |
f |
f |
|s 0107a4d0-562b-3c82-be6b-ce8575d8aa6a
|i 1f0df122-275d-3d4b-aa54-2ee7b56a8f24
|t 0
|
| 952 |
f |
f |
|p normal
|a Texas A&M University
|b College Station
|c Sterling C. Evans Library
|d Evans: Library Stacks
|t 0
|e LB1025.2 .G627
|h Library of Congress classification
|i unmediated -- volume
|m A14806159260
|
| 998 |
f |
f |
|a LB1025.2 .G627
|t 0
|l Evans: Library Stacks
|